LEADER 01118nam a2200217 i 4500 001 000000136513 003 CaOOAMICUS 005 20050329000000.0 008 050329s1908 it u000 u ita u 013 $a110215 040 $aSeMil$bita 245 10$aIn memoria di Monsignore Antonio Maria Ceriani :$bPrefetto della biblioteca ambrosiana nel primo anniversario della sua morte. 260 $aMilano :$bBiblioteca Ambrosiana,$c1908. 300 $aIV, 94 p. :$bill., [2] p. di tav. ;$c24 cm. 500 $aContiene : Appunti bio-bibliografici. - In mezzo al front : (con cinque illustrazioni e due tavole). 600 14$aCeriani, Antonio Maria .$0(OLS)http://semarc/subject/11715 850 $aSeMil 852 $aSeMil$W1$xVenegono$y1$m1068 1 *$j90107$B90107$CSeMilBibl$Z2$F95065 $81 961 $aRecupero: Biblioteca Seminario Saronno 996 $6245$aIn memoria di Monsignore Antonio Maria Ceriani :$bPrefetto della biblioteca ambrosiana nel primo anniversario della sua morte$9(OLS)http://semarc/title/199446 996 $6260$aMilano :$bBiblioteca Ambrosiana$9(OLS)http://semarc/publisher/29741 LEADER 00969nam a2200217 4500 001 000000354383 003 CaOOAMICUS 005 20230622150859.0 008 230622s1970 it 000 u ita r 040 $aSeMil$bita 100 1 $aCasini, Tito,$d<1897-1987>.$0(OLS)http://semarc/name/10572 245 12$aL'ultima messa di Paolo 6. :$bsogno di una notte d'autunno /$cTito Casini ; copertina di Sigfrido Bartolini. 264 1$aFirenze :$bIl Carro di San Giovanni,$c1970. 300 $a157 p. ;$c21 cm 650 4$aLiturgia - Riforma.$0(OLS)http://semarc/subject/1164 700 1 $aBartolini, Sigfrido.$0(OLS)http://semarc/name/110678 850 $aSeMil 852 $aSeMil$W1$xVenegono$y1$m3K III 273$j241677$B245642$CSeMilBibl$Z2$F245642 $81 996 $6245$aL'ultima messa di Paolo 6. :$bsogno di una notte d'autunno$9(OLS)http://semarc/title/444520 996 $6264$aFirenze :$bIl Carro di San Giovanni$9(OLS)http://semarc/publisher/50688